It looks like you're offline.
Open Library logo
additional options menu

MARC Record from Library of Congress

Record ID marc_loc_2016/BooksAll.2016.part36.utf8:102428164:1002
Source Library of Congress
Download Link /show-records/marc_loc_2016/BooksAll.2016.part36.utf8:102428164:1002?format=raw

LEADER: 01002cam a2200277 a 4500
001 2009007331
003 DLC
005 20091201114315.0
008 090302r20092008mau j 000 1 eng
010 $a 2009007331
020 $a9780763644512
040 $aDLC$cDLC$dDLC
042 $alcac
050 00 $aPZ7.M35145$bHa 2009
082 00 $a[Fic]$222
100 1 $aMarsden, John,$d1950-
245 10 $aHamlet :$ba novel /$cJohn Marsden.
250 $a1st U.S. ed.
260 $aSomerville, Mass. :$bCandlewick Press,$c2009.
300 $a229 p. ;$c22 cm.
520 $aGrieving for the recent death of his beloved father and appalled by his mother's quick remarriage to his uncle, Hamlet, heir to the Danish throne, struggles with conflicting emotions, particularly after his father's ghost appeals to him to avenge his death.
650 1 $aPrinces$vFiction.
650 1 $aMurder$vFiction.
650 1 $aRevenge$vFiction.
651 1 $aDenmark$vFiction.
700 1 $aShakespeare, William,$d1564-1616.$tHamlet.